Испанско-русский учебный разговорник

Dades bibliogràfiques
Autor principal: Коршунова Я. Б. Ядвига Борисовна
Altres autors: Ардиака П. Л. Пижоан Луис
Sumari:На пер. авт. не указаны.
Idioma:espanyol
rus
Publicat: Москва, Русский язык, 1983
Matèries:
Format: Llibre
KOHA link:https://koha.lib.tpu.ru/cgi-bin/koha/opac-detail.pl?biblionumber=23582

MARC

LEADER 00000nam0a2200000 4500
001 23582
005 20231101205547.0
035 |a (RuTPU)RU\TPU\book\23802 
035 |a BOOK00023875 
090 |a 23582 
100 |a 20011209d1983 m y0rusy50 ca 
101 0 |a spa  |a rus 
102 |a RU 
105 |a y e 000zy 
200 1 |a Испанско-русский учебный разговорник  |d Guia-manual de conversacion espanol-ruso  |f Я. Б. Коршунова, П. Л. Ардиака 
210 |a Москва  |c Русский язык  |d 1983 
215 |a 456 с. 
300 |a На пер. авт. не указаны. 
510 1 |a Guia-manual de conversacion espanol-ruso  |z spa 
606 |a Испанский язык  |x Словари  |2 stltpush  |3 (RuTPU)RU\TPU\subj\13211  |9 39860 
610 1 |a словари 
610 1 |a разговорники 
610 1 |a лексика 
686 |a Ш147.21-4  |v LBC/SL-A  |2 rubbk 
700 1 |a Коршунова  |b Я. Б.  |g Ядвига Борисовна 
701 1 |a Ардиака  |b П. Л.  |g Пижоан Луис 
801 0 |a RU  |b 63413507  |c 20011209  |g PSBO 
801 2 |a RU  |b 63413507  |c 20180109  |g PSBO 
942 |c BK